Normal view MARC view
  • Fierro Evans, María Cecilia

Entry Nombre Personal

Number of records used in: 7

001 - NUMERO DE CONTROL

  • campo de control: 36924

003 - IDENTIFICADOR DE NUMERO DE CONTROL

  • campo de control: UPN

005 - FECHA Y HORA DE LA ÜLTIMA TRANSACCIÓN

  • campo de control: 20210219194519.0

008 - DATOS DE LONGITUD FIJA

  • campo de control de longitud fija: nabaccnnaabn|||||||||| b |nc|||||d

035 ## - NUMERO DE CONTROL

  • Número de control: UPN11000009031

040 ## - FUENTE DE CATALOGACIÓN

  • Lenguaje de catalogación: SPA
  • Agencia de transcripción: UPN

100 1# - ENCABEZAMIENTO - NOMBRE PERSONAL

  • Nombre personal: Fierro Evans, María Cecilia

400 1# - VEÁSE - NOMBRE DE PERSONA

  • Personal name: Fierro Evans, Cecilia

400 1# - VEÁSE - NOMBRE DE PERSONA

  • Personal name: Fierro, Cecilia

670 ## - FUENTE EN LA QUE SE LOCALIZARON DATOS

  • Cita de la fuente: T
  • Uniform Resource Identifier: http://www.convivenciaescolar.net/wp/wp-content/uploads/2009/10/Fierro_cecilia.pdf

680 ## - NOTA PUBLICA DE ACCESO PÚBLICO

  • Frase explicativa de la referencia: Doctora en Ciencias con especialidad en Investigaciones Educativas por el DIECINVESTAV-IPN

902 ## - CATALOGADOR

  • Catalogador: MCM/070515